[Event "Reunion IBM op"]
[Site "Reunion"]
[Date "1997.??.??"]
[Round "4"]
[White "Menager, Jean Pierre"]
[Black "Chane Kon, R."]
[Result "1-0"]
[WhiteElo "2160"]
[BlackElo "1820"]
[PlyCount "73"]
[EventDate "1997.??.??"]
[EventType "swiss"]
[EventRounds "9"]
[EventCountry "RUF"]
[SourceTitle "EXT 1998"]
[Source "ChessBase"]
[SourceDate "1997.11.17"]
[SourceVersion "1"]
[SourceVersionDate "1997.11.17"]
[SourceQuality "1"]

1. d4 Nf6 2. Nf3 e6 3. g3 Nc6 4. Bg2 d5 5. 0-0 Bd7 6. b3 g6 7. c4 Bg7 8. Bb2 0-0 9. Re1 Rb8 10. Nc3 a6 11. e4 dxe4 12. Nxe4 Nxe4 13. Rxe4 Ne7 14. Re2 Bc6 15. Qd2 Bxf3 16. Bxf3 c6 17. Rd1 Qc7 18. Be4 Rbd8 19. Qe3 Nc8 20. Red2 Rd7 21. Ba3 Rfd8 22. d5 cxd5 23. cxd5 exd5 24. Rxd5 Rxd5 25. Rxd5 Rxd5 26. Bxd5 Qd7 27. Bxb7 a5 28. Bd5 Bf8 29. Bxf8 Kxf8 30. Qc5+ Ne7 31. Bf3 Qf5 32. Qxf5 Nxf5 33. Kf1 Ke7 34. Ke2 Kd6 35. Kd3 Kc5 36. a3 Nd4 37. b4+ 1-0